Nghiên cứu biến tính bã mía với sự hỗ trợ vi sóng ứng dụng trong loại bỏ chất màu : Luận văn thạc sĩ - Chuyên ngành: Kỹ thuật hóa học

Guardado en:
Detalles Bibliográficos
Autor principal: Đỗ, Trường An
Formato: Luận văn
Lenguaje:Undetermined
Publicado: Trường Đại học Công nghiệp Tp. Hồ Chí Minh 2017
Materias:
Etiquetas: Agregar Etiqueta
Sin Etiquetas, Sea el primero en etiquetar este registro!
Thư viện lưu trữ: Trung tâm Thư viện - Trường Đại học Công nghiệp TP. Hồ Chí Minh
LEADER 00718nam a2200157Ia 4500
001 UIH_01231
008 230809s9999 xx 000 0 und d
082 |a 660.2 
100 |a Đỗ, Trường An 
245 0 |a Nghiên cứu biến tính bã mía với sự hỗ trợ vi sóng ứng dụng trong loại bỏ chất màu : Luận văn thạc sĩ - Chuyên ngành: Kỹ thuật hóa học 
245 0 |c Đỗ, Trường An 
260 |b Trường Đại học Công nghiệp Tp. Hồ Chí Minh 
260 |c 2017 
650 |a Kỹ thuật hóa học; 
927 |a Luận văn 
980 |a Trung tâm Thư viện - Trường Đại học Công nghiệp TP. Hồ Chí Minh